000 01096nam a22002057a 4500
005 20250716101931.0
008 s2558 th tha d
040 _aNALT
041 _atha
090 _aELR 19/1 2558
100 0 _aอธิคมร์ ไกรชิต
_93247
245 1 0 _aการจัดทำกรอบการประเมินผลการปฏิบัติราชการของส่วนราชการสังกัดรัฐสภา /
_cอธิคมร์ ไกรชิต.
246 3 0 _aเอกสารแสดงผลงาน ลำดับที่ 1 (ระดับเชี่ยวชาญ)
260 _aกรุงเทพฯ :
_bสำนักงานเลขาธิการสภาผู้แทนราษฎร,
_c2558.
300 _a78 หน้า :
_bตาราง ;
_c29 ซม.
610 2 0 _aรัฐสภา
_xส่วนราชการ
_xการประเมินผล
_912264
850 _aNALT
856 4 0 _uhttps://hdl.handle.net/20.500.14156/527175
942 _cIS
_2local
_03
999 _c76073
_d76073
998 _j6650
_k นางสาววารี เกตุโฉม